000 00489nam a2200181 a 4500
001 3186
003 CO-ViMGA
008 141112s2004 ck r 000 u spa d
040 _aCO-ViMGA
_bspa
_cCO-ViMGA
082 0 4 _a158.1 R614a
100 1 _aRobinson,
_952577
245 1 0 _aComo incrementar su autoestima /
_cRobinson Bryan E. , McCullers Jamey
260 _aMexico :
_bPanorama,
_c1994
300 _a67 p
490 _aExitogramas, 7
650 1 4 _aAUTOESTIMA
_91478
942 _2ddc
_cBK
999 _c15236
_d15236